Statistiques concernant Capitales du monde par deux premières lettres en trois minutes

Cliquez ici pour prendre le quiz!

Statistiques générales

  • Ce quiz a été pris 1 224 fois
  • Le résultat moyen est 152 sur 197

Statistiques - réponses

payscapitale% Correct
SerbieBelgrade
99%
BelizeBelmopan
99%
AllemagneBerlin
99%
SuisseBerne
99%
LibanBeyrouth
99%
NauruYaren
99%
MicronésiePalikir
98%
PanamaPanama
98%
SurinameParamaribo
98%
FranceParis
98%
MalteLa Valette
97%
EspagneMadrid
97%
Îles MarshallMajuro
97%
Guinée
équatoriale
Malabo
97%
MaldivesMalé
97%
NicaraguaManagua
97%
BahreïnManama
97%
PhilippinesManille
97%
MozambiqueMaputo
97%
OmanMascate
97%
LesothoMaseru
97%
SomalieMogadiscio
97%
MonacoMonaco
97%
LiberiaMonrovia
97%
UruguayMontevideo
97%
ComoresMoroni
97%
RussieMoscou
97%
Afrique du SudPretoria,
Le Cap ou
Bloemfontein
97%
MadagascarAntananarivo
96%
BrésilBrasilia
96%
SlovaquieBratislava
96%
CongoBrazzaville
96%
BarbadeBridgetown
96%
BelgiqueBruxelles
96%
IsraëlJérusalem
95%
ÉgypteLe Caire
95%
GabonLibreville
95%
MalawiLilongwe
95%
PérouLima
95%
PortugalLisbonne
95%
AndorreAndorre-la-Vieille
94%
TurquieAnkara
94%
RoumanieBucarest
94%
HongrieBudapest
94%
ArgentineBuenos Aires
94%
Sri LankaColombo
94%
République
dominicaine
Saint-Domingue
94%
GrenadeSaint George's
94%
Antigua-et-
Barbuda
Saint John's
94%
Saint-MarinSaint-Marin
94%
YémenSanaa
94%
Costa RicaSan José
94%
SalvadorSan Salvador
94%
ChiliSantiago
94%
Sao Tomé-et-
Principe
Sao Tomé
94%
Bosnie-
Herzégovine
Sarajevo
94%
SeychellesVictoria
94%
AutricheVienne
94%
LaosVientiane
94%
LituanieVilnius
94%
GuinéeConakry
92%
DanemarkCopenhague
92%
LiechtensteinVaduz
92%
PologneVarsovie
92%
VaticanVatican
92%
IrlandeDublin
91%
TogoLomé
91%
Royaume-UniLondres
91%
ItalieRome
91%
DominiqueRoseau
91%
AngolaLuanda
90%
ZambieLusaka
90%
LuxembourgLuxembourg
90%
CubaLa Havane
89%
BolivieLa Paz ou Sucre
89%
BulgarieSofia
88%
GrèceAthènes
87%
IrakBagdad
87%
AzerbaïdjanBakou
87%
MaliBamako
87%
BruneiBandar Seri
Begawan
87%
ThaïlandeBangkok
87%
République
centrafricaine
Bangui
87%
GambieBanjul
87%
Saint-Christophe-
et-Niévès
Basseterre
87%
FinlandeHelsinki
87%
JordanieAmman
86%
Pays-BasAmsterdam
86%
BiélorussieMinsk
86%
OuzbékistanTachkent
86%
TaïwanTaipei
86%
EstonieTallinn
86%
KiribatiTarawa
86%
UkraineKiev
85%
RwandaKigali
85%
JamaïqueKingston
85%
Saint-Vincent-et-
les-Grenadines
Kingstown
85%
Rép dém
du Congo
Kinshasa
85%
ChinePékin
85%
IslandeReykjavik
84%
LettonieRiga
84%
Arabie SaouditeRiyad
84%
AustralieCanberra
82%
VenezuelaCaracas
82%
Sainte-LucieCastries
82%
TchèquiePrague
82%
Cabo VerdePraia
82%
KosovoPristina
82%
AlbanieTirana
82%
CroatieZagreb
82%
IndeNew Delhi
81%
Corée du SudSéoul
80%
NorvègeOslo
79%
MonténégroPodgorica
78%
HaïtiPort-au-Prince
78%
Trinité-et-TobagoPort-d'Espagne
78%
Île MauricePort-Louis
78%
Papouasie-
Nouvelle-
Guinée
Port Moresby
78%
BéninPorto-Novo
78%
VanuatuPort-Vila
78%
AfghanistanKaboul
77%
OugandaKampala
77%
NépalKatmandou
77%
SuèdeStockholm
77%
JaponTokyo
77%
BangladeshDacca
76%
SénégalDakar
76%
SyrieDamas
76%
MexiqueMexico
76%
PalaosNgerulmud
76%
PalestineRamallah ou
Jérusalem-Est
75%
NigerNiamey
73%
ChypreNicosie
73%
KazakhstanNoursoultan
73%
ColombieBogotá
71%
HondurasTegucigalpa
71%
IranTéhéran
71%
AlgérieAlger
70%
IndonésieJakarta
70%
États-UnisWashington
69%
KenyaNairobi
67%
BahamasNassau
67%
BirmanieNaypyidaw
67%
TanzanieDodoma
66%
QatarDoha
66%
TadjikistanDouchanbé
66%
Corée du NordPyongyang
66%
SingapourSingapour
66%
KoweïtKoweït
64%
MarocRabat
64%
MoldavieChișinău
61%
Émirats arabes unisAbou Dabi
60%
NigeriaAbuja
60%
GuatemalaGuatemala
60%
Viêt NamHanoï
60%
ZimbabweHarare
60%
ÉrythréeAsmara
58%
ParaguayAsunción
58%
KirghizistanBichkek
58%
Guinée-BissauBissau
58%
CanadaOttawa
58%
ArménieErevan
57%
Macédoine
du Nord
Skopje
57%
TunisieTunis
57%
Burkina FasoOuagadougou
56%
MongolieOulan-Bator
56%
SlovénieLjubljana
55%
ÉquateurQuito
54%
MalaisieKuala Lumpur
52%
PakistanIslamabad
51%
FidjiSuva
50%
CambodgePhnom Penh
48%
Timor-LesteDili
45%
GéorgieTbilissi
45%
Nouvelle-ZélandeWellington
44%
GhanaAccra
42%
TurkménistanAchgabat
42%
ÉthiopieAddis-Abeba
42%
GuyanaGeorgetown
42%
MauritanieNouakchott
42%
Côte d'IvoireYamoussoukro
41%
CamerounYaoundé
41%
DjiboutiDjibouti
39%
Soudan du SudDjouba
39%
LibyeTripoli
39%
BotswanaGaborone
37%
SalomonHoniara
36%
BhoutanThimphou
34%
TongaNukuʻalofa
30%
SamoaApia
28%
TuvaluFunafuti
28%
NamibieWindhoek
28%
Sierra LeoneFreetown
27%
BurundiGitega
27%
SoudanKhartoum
23%
TchadNdjamena
23%
EswatiniMbabane
21%

Distribution des résultats

Percentile par nombre de réponses

% des personnes avec chaque résultat

Votre développement - résultats

Vous n’avez pas pris ce quiz